Die Lebenswelt Bruns von Querfurt im Spiegel zeitgenössischer Urkunden
| Titel: | Die Lebenswelt Bruns von Querfurt im Spiegel zeitgenössischer Urkunden |
|---|---|
| Verfasser: | |
| In: |
Der heilige Brun von Querfurt, (2009), Seite 66-73 alle Artikel anzeigen |
| Veröffentlicht: | 2009 |
| Format: | Aufsatz |
| Sprache: | Deutsch |
X
alg: 39174996 001A $01999:11-11-16 001B $01999:15-05-21 $t21:03:27.000 001D $01999:11-11-16 001U $0utf8 001X $00 002@ $0Aox 003@ $039174996X 007A $039174996X $aHEB 007T $0Herdc0072361m 010@ $ager 011@ $a2009 021A $aDie @Lebenswelt Bruns von Querfurt im Spiegel zeitgenössischer Urkunden 028A $aCottin $dMarkus 031A $h66-73 $j2009 039B $aIn $8--Aau--. Der @heilige Brun von Querfurt. - Querfurt : Museum Burg Querfurt, 2009. - 224 S.. - zahlr. Ill.. - ISBN 978-3-00-028548-6 $x200900000000000934 $9220045976 045F $a929.094382 $eDDC23BSB 045F/01 $a929 045F/03 $g4382 045F/03 $g43832 lok: 39174996 78 exp: 39174996 78 1 #EPN 201B/01 $005-06-20 $t23:04:10.000 201U/01 $0utf8 203@/01 $0787844780 208@/01 $a11-11-16 $be 209A/01 $a/ $f000 $x00 220C/01 $aTitelaufnehmer: pg;ak 220C/01 $aHerkunft: HI Marburg 220C/01 $aAnmerkung: *ng 244Z/01 $2Trx $#Prusy Wschodnie i Zachodnie $8--Trx--Ost- und Westpreußen $x01 $939113373X 244Z/01 $aGeschichte 975-1010 $x02 244Z/01 $#Bruno$#Bonifatius $#Bonifatius $#Bruno $#Bruno $#Bruno $#Bruno $#Bruno $#Bonifatius $#Bruno $#Brun $#Brunon $#Carinthia, Bruno von $#Bruno $#Brunon $#Brun $7118674749 $8--Tp1--$PBruno$lQuerfurtensis$Z974-1009 $x03 $9087015617 244Z/01 $2Trx $#misjonärid $#misionieriai $#missionaries $#misszionáriusok $#misjonarze $#misionári $#misionáři $8--Trx--Missionare $x04 $9391365673 244Z/01 $2Trx $#ürikud keskaeg $#viduramžių dokumentai $#Documents Middle Ages $#oklevelek középkor $#dokumenty średniowieczne $#dokumenty stredoveké $#listiny středověké $8--Trx--Urkunden$gMittelalter $x05 $9391371266 244Z/01 $2Trx $8--Trx--Einzelbeiträge $x06 $9391384570 245Z/01 $a12.03 $x01 247C/01 $82080>Marburg/Lahn, Herder-Institut, Forschungsbibliothek, Bibliographieportal $9336309341
| LEADER | 00000caa a22000002c 4500 | ||
|---|---|---|---|
| 001 | 39174996X | ||
| 003 | DE-603 | ||
| 005 | 20210515210327.0 | ||
| 007 | tu | ||
| 008 | 161111s2009 xx |||| | u00||u|ger c | ||
| 035 | |a (DE-599)HEB39174996X | ||
| 040 | |a DE-603 |b ger |c DE-603 |d DE-603 | ||
| 041 | |a ger | ||
| 082 | 0 | 4 | |8 1\u |a 929.094382 |q DE-101 |2 23/BSB |
| 085 | |8 1\u |b 929 | ||
| 085 | |8 1\u |z 2 |s 4382 | ||
| 085 | |8 1\u |z 2 |s 43832 | ||
| 100 | 1 | |a Cottin, Markus | |
| 245 | 0 | 0 | |a Die Lebenswelt Bruns von Querfurt im Spiegel zeitgenössischer Urkunden |
| 264 | 0 | |c 2009 | |
| 773 | 0 | 8 | |i In |t Der heilige Brun von Querfurt |d Querfurt : Museum Burg Querfurt, 2009 |h 224 S., zahlr. Ill. |z 9783000285486 |z 3000285482 |g (2009), Seite 66-73 |w (DE-603)220045976 |
| 924 | 0 | |9 2080 |a (DE-603)787844780 |b DE-2080 |c HES |d d |g / | |


